Die angepassten Provokateure : Aufstieg und Niedergang der rechtsextremen DVU als Protestpartei im polarisierten Parteiensystem Sachsen-Anhalts /

Saved in:
Bibliographic Details
Main Author: Holtmann, Everhard, 1946-
Format: Book
Language:German
Published: Opladen : Leske & Budrich, 2002.
Subjects:
Tags: Add Tag
No Tags, Be the first to tag this record!
LEADER 00984nam a22002774a 4500
001 009353450-7
005 20041027125315.0
008 021004s2002 gw a b 000 0 ger
010 |a  2002546053 
020 |a 3810029734 (pbk.) 
035 0 |a ocm50644980 
040 |a DLC  |c DLC 
042 |a pcc 
043 |a e-gx--- 
050 0 0 |a JN3971.A98  |b D595 2002 
100 1 |a Holtmann, Everhard,  |d 1946- 
245 1 4 |a Die angepassten Provokateure :  |b Aufstieg und Niedergang der rechtsextremen DVU als Protestpartei im polarisierten Parteiensystem Sachsen-Anhalts /  |c Everhard Holtmann. 
260 |a Opladen :  |b Leske & Budrich,  |c 2002. 
300 |a 183 p. :  |b ill. ;  |c 21 cm. 
504 |a Includes bibliographical references (p. 181-183). 
610 2 0 |a Deutsche Volksunion. 
650 0 |a Political parties  |z Germany  |z Saxony-Anhalt. 
650 0 |a Right-wing extremists  |z Germany  |z Saxony-Anhalt. 
651 0 |a Saxony-Anhalt (Germany)  |x Politics and government. 
988 |a 20040504 
906 |0 DLC